MARC
|
|
|
|
| LEADER |
00000nam0a2200000 4500 |
| 001 |
168734 |
| 005 |
20231031163209.0 |
| 010 |
|
|
|a 5030017151
|
| 035 |
|
|
|a (RuTPU)RU\TPU\book\183052
|
| 090 |
|
|
|a 168734
|
| 100 |
|
|
|a 20091031d1991 km y0rusy50 ca
|
| 101 |
1 |
|
|a rus
|c eng
|c fre
|
| 102 |
|
|
|a RU
|
| 105 |
|
|
|a a z 001zy
|
| 200 |
1 |
|
|a Физика за рубежом 1991
|e сборник статей
|e пер. с англ., фр.
|
| 210 |
|
|
|a Москва
|c Мир
|d 1991
|
| 215 |
|
|
|a 182 с.
|c ил.
|
| 225 |
1 |
|
|a Серия А. Исследования
|
| 320 |
|
|
|a Библиография в конце статей
|
| 610 |
1 |
|
|a разупорядочение
|
| 610 |
1 |
|
|a электронные системы
|
| 610 |
1 |
|
|a флуктуации
|
| 610 |
1 |
|
|a нейронные сети
|
| 610 |
1 |
|
|a статистическая механика
|
| 610 |
1 |
|
|a гелий-3
|
| 610 |
1 |
|
|a гамма-частицы
|
| 610 |
1 |
|
|a электроны
|
| 610 |
1 |
|
|a баллистический перенос
|
| 610 |
1 |
|
|a микроэлектроника
|
| 610 |
1 |
|
|a предельные возможности
|
| 610 |
1 |
|
|a статьи
|
| 610 |
1 |
|
|a сборники
|
| 675 |
|
|
|a 53
|v 3
|
| 801 |
|
1 |
|a RU
|b 63413507
|c 20091031
|
| 801 |
|
2 |
|a RU
|b 63413507
|c 20140506
|g RCR
|
| 942 |
|
|
|c BK
|